Normal view
MARC view
- Ministry of Education
Entry Personal Name
001 - CONTROL NUMBER
- control field: 9099
003 - CONTROL NUMBER IDENTIFIER
- control field: NUST
005 - DATE AND TIME OF LATEST TRANSACTION
- control field: 20180119125050.0
008 - FIXED-LENGTH DATA ELEMENTS
- fixed length control field: 180119|| aca||aabn | a|a d
040 ## - CATALOGING SOURCE
- Original cataloging agency: NUST
- Transcribing agency: NUST
100 ## - HEADING--PERSONAL NAME
- Personal name: Ministry of Education
670 ## - SOURCE DATA FOUND
- Source citation: Work cat.: (NUST)313679: Ministry of Education, Mathematics dictionary, 1998
